00690nam a2200241 a 4500001001300000003000900013005001700022008004100039020001100080082001900091100002300110245002100133260003300154300000900187500003500196505003100231650002000262700002300282902000800305942000700313952011500320999001300435nice12345678IN_TiNIC20260116011308.0050524s1923 dela grp 000 0 urd  ac0.7500a891.4393bAZA4 aAzad, Mohd Hussain aNairang-E-Khiyal aDelhibAzad Book Depotc1923 a136p aincludes index and biblioraphy2 a4 Volume Bound in One Book aUrdu-Literature1 aAzad, Mohd Hussain bSRS cBK 001040708StackRoom-aHMIbHMId2007-05-31g0.75l0o891.4393 AZA4p04058r2007-05-31v0.75w2005-05-24yBK c253d253